00834nam a22001935i 4500001000700000003000900007005001700016008004100033080001200074100003600086245017900122260014900301300003800450500002700488504003000515650002400545710003000569852004100599178686ES-MaACL20230906220603.0110610s1973 sp ao |||| | spa d a576.3161 aBallesta Martínez, Francisca.10aContribución al estudio del listado o rayado cromosómico / cresumen de la tesis presentada para aspirar al grado de doctor en medicina por Francisca Ballesta Martínez. aBarcelona : bUniversidad de Barcelona, Secretariado de Publicaciones, Intercambio Científico y Extensión Universitaria : b[Ivern], c1973. a20 p. : bil. bl. y n. ; c24 cm. aCub. tomada como port. aBibliografía: p. 19-20.04aCromosomas humanos.2 aUniversidad de Barcelona. aES-MaACLjE-15361 (93) xOlim P-1374